| 000 | 00565nam a2200193Ia 4500 | ||
|---|---|---|---|
| 003 | GCL | ||
| 008 | 140319s9999 xx 000 0 ara d | ||
| 040 |
_aGCL / _cGCL |
||
| 082 | 0 | 4 |
_a910 _bا ع |
| 100 | 1 | _aرمزى يسى | |
| 245 | 1 | 0 |
_aعرض جغرافى للعالم من الوجهة البشرية / _cرمزى يسى |
| 700 | 1 | _aانستد, جز ف. | |
| 300 | _a691 ص | ||
| 490 |
_aالالف كتاب _v0 |
||
| 650 | 0 | 4 | _aالجغرافيا |
| 650 | 0 | 4 | _aالجغرافيا البشرية |
| 650 | 0 | 4 | _aجغرافية العالم |
| 942 |
_2ddc _cBK |
||
| 999 |
_c45525 _d45525 |
||